Il segretario : perché gli annunci cercano sempre una segretaria e mai un segretario /

Gespeichert in:
Bibliographische Detailangaben
1. Verfasser: Domanti, Mirko
Format: Buch
Sprache:Italienisch
Veröffentlicht: [s.l.] : Mirko Domanti, 2013
Tags: Tag hinzufügen
Keine Tags, Fügen Sie das erste Tag hinzu!

MARC

LEADER 00000nam a22000007i 4500
001 IT\ICCU\UBO\4020987
003 ItRI
005 20260115232156.0
008 130701s2013 it |||||| ||||| |||||c
020 |a 9788891041197 
040 |b ita  |c importazione bologna sebina 
041 7 |a ita  |2 ISO-639-2 
100 1 |a Domanti, Mirko  |0 IT\ICCU\UBOV\228787 
245 1 3 |a Il segretario :  |b perché gli annunci cercano sempre una segretaria e mai un segretario /  |c Mirko Domanti. 
260 |a [s.l.] :  |b Mirko Domanti,  |c 2013  |e (Roma :  |f Cromografica Roma s.r.l.) 
300 |a 259 p. ;  |c 17 c 
500 |a Libro pubblicato dall'autore tramite ilmiolibro.it 
500 |a Tit. della cop 
942 |2 ddc  |c BK  |n 0 
952 |0 0  |1 0  |4 0  |6 DOC_853_920000000000000_DOM  |7 0  |9 21440  |a BO  |b BO  |d 2026-01-15  |i 17075  |l 0  |o DOC 853.92 DOM  |p BO17075  |r 2026-01-15 23:21:56  |w 2026-01-15  |x [Sebina 5] [1 v.]  |y BK  |z 1 v. 
999 |c 18300  |d 18300